1491 1415 1191 1283 1582 1212 1830 1277 1145 1124 1360 1203 1403 1915 1044 1762 1759 1894 1103 1641 1353 1851 1691 1543 1134 1436 1552 1581 1187 1906 1112 1768 1844 1821 1837 1633 1314 1372 1611 1842 1582 1239 1916 1089 1316 1335 1662 1299 1763 1453 1581 1790 1569 1900 1077 1926 1017 1793 1986 1035 1876 1730 1473 1043 1148 1837 1582 1623 1789 1331 1263 1525 1422 1212 1199 1709 1619 1612 1467 1328 1151 1344 1790 1885 1490 1445 1473 1032 1287 1302 1494 1561 1449 1203 1828 1530 1696 1714 1842 BCNSPRNW ULIB Ver.6.0+V

เปลี่ยนเป็นภาษาไทย

Change to English
 แสดงรายละเอียดบรรณานุกรม
  กลับหน้าหลัก

Brief Record : Get Marc (ISO 2709) : E-mail record : QR code < ปิดหน้าต่าง
LEADER : 00000nam 2200000uu 4500
001    13399112061
003     ULIB
008    110304s2005||||th 000 0 eng d
020    08743493
060  4 QV4^bW198M 2005
100 0  Derek G. Waller
245 00 Medical Pharmacology and therapeutics/^cDerek G. Waller
260    Edinburgh:^bElsevier Saunders,^c2005
300    778 p
650  7 Drug therapy
650  7 Phamacology Clinical
650  7 Pharmaceutical Preparations
945    ^p0^l0^i018290
945    ^p0^l0^i018291
995    ทศพร
999 ^a ใช้งานได้ทุกระบบ
รายการนี้ยังไม่มีแท็ก
คุณยังไม่ได้ล็อกอิน คุณสามารถมีกิจกรรมร่วมกับเว็บไซต์ได้ แต่ต้องล็อกอินก่อน ::
  ล็อกอิน

รายการสื่อสารสนเทศ

ลำดับที่ ประเภท เลขเรียก/บาร์โค้ด สถานที่ สถานะ
1. วิทยาศาสตร์การแพทย์ และสุขภาพ
วิทยาศาสตร์การแพทย์ และสุขภาพ
สถานะ=หนังสือเก่า
QV4 W198M 2005 ฉ.1 
  Barcode: 018290
ห้องสมุดวิทยาเขตสวรรค์ประชารักษ์
►ส่วนจัดเก็บหนังสือเก่า สปร
ถูกยืม กำหนดส่งวันที่ 21 กันยายน 2555
  จอง
2. วิทยาศาสตร์การแพทย์ และสุขภาพ
วิทยาศาสตร์การแพทย์ และสุขภาพ
สถานะ=หนังสือเก่า
QV4 W198M 2005 ฉ.2 
  Barcode: 018291
ห้องสมุดวิทยาเขตสวรรค์ประชารักษ์
►ส่วนจัดเก็บหนังสือเก่า สปร
ถูกยืม กำหนดส่งวันที่ 21 กันยายน 2555
  จอง

รายการใกล้เคียง
    หัวเรื่อง [Drug therapy]
    หัวเรื่อง [Pharmaceutical Preparations]

BibComment


ยังไม่เคยถูกคอมเมนท์

คอมเมนท์ทรัพยากรรายการนี้
  คอมเมนท์: Medical Pharmacol..


 Copyright 2026. Bcnsprnw @Library